[Event "Berlin-ch Seniors op 36th"]
[Site "Berlin"]
[Date "2020.02.06"]
[Round "9.7"]
[White "Glatthor, Thomas"]
[Black "Mock, Peter"]
[Result "1-0"]
[WhiteElo "2040"]
[BlackElo "1856"]
[PlyCount "111"]
[EventDate "2020.01.28"]
[EventType "swiss"]
[EventRounds "9"]
[EventCountry "GER"]
[SourceTitle "EXT 2024"]
[Source "ChessBase"]
[SourceDate "2023.10.10"]
[SourceVersion "1"]
[SourceVersionDate "2023.10.10"]
[SourceQuality "1"]

1. d4 d5 2. c4 c6 3. Nf3 Nf6 4. g3 Nbd7 5. Bg2 e6 6. 0-0 Bd6 7. b3 0-0 8. Bb2 Re8 9. Ne5 Bxe5 10. dxe5 Ng4 11. Qd4 Ngxe5 12. f4 c5 13. Qd2 Ng4 14. cxd5 exd5 15. Bxd5 Nb6 16. Bf3 Ne3 17. Rc1 Bf5 18. Qc3 f6 19. Na3 c4 20. Bxb7 Rb8 21. Bf3 Rc8 22. Qa5 Qd6 23. Nb5 Qe7 24. Ba3 Rc5 25. Qc3 Rec8 26. Qd4 Nc2 27. Bxc5 Rxc5 28. Rxc2 Bxc2 29. bxc4 Bf5 30. Nd6 Qc7 31. Nxf5 Rxf5 32. Bd5+ Kf8 33. e4 Rh5 34. Rd1 Nd7 35. Rb1 g5 36. Be6 Qc5 37. Qxc5+ Nxc5 38. Bg4 Rh6 39. Bf5 gxf4 40. Rb8+ Kf7 41. Rc8 Nd3 42. Rc7+ Kg8 43. Rd7 Ne5 44. Rd8+ Kf7 45. gxf4 Nxc4 46. Rd7+ Kf8 47. Rxh7 Rxh7 48. Bxh7 Kg7 49. Bf5 Nd6 50. Kf2 Nxf5 51. exf5 Kh6 52. Kf3 Kh5 53. a4 Kh4 54. Ke4 Kg4 55. h3+ Kxh3 56. Kd5 1-0

[Event "GER-chT Laender Seniors 65+"]
[Site "Templin"]
[Date "2018.09.12"]
[Round "2.4"]
[White "Glatthor, Thomas"]
[Black "Hahne, Hans Juergen"]
[Result "1-0"]
[WhiteElo "2037"]
[BlackElo "2084"]
[PlyCount "115"]
[EventDate "2018.09.10"]
[EventType "team-swiss"]
[EventRounds "7"]
[EventCountry "GER"]
[SourceTitle "EXT 2020"]
[Source "ChessBase"]
[SourceDate "2019.10.17"]
[SourceVersion "1"]
[SourceVersionDate "2019.10.17"]
[SourceQuality "1"]
[WhiteTeam "Berlin"]
[BlackTeam "Schleswig Holstein"]
[WhiteTeamCountry "GER"]
[BlackTeamCountry "GER"]

1. e4 Nc6 2. d4 d5 3. e5 Bf5 4. c3 e6 5. Nf3 Qd7 6. Bd3 f6 7. Bxf5 exf5 8. 0-0 fxe5 9. dxe5 0-0-0 10. Re1 Bc5 11. b4 Bb6 12. a4 a5 13. b5 Nce7 14. Ra2 Ng6 15. Ba3 Nh6 16. Nd4 Rde8 17. e6 Qd8 18. Rae2 Qf6 19. Bc1 Ng4 20. h3 N4e5 21. f4 Nc4 22. Kh1 Bxd4 23. Qxd4 Qxd4 24. cxd4 Re7 25. g3 Rhe8 26. Ba3 Nxa3 27. Nxa3 Nf8 28. Re5 Rxe6 29. Kg2 Rxe5 30. fxe5 g6 31. h4 Kd7 32. Kf3 Ne6 33. Rd1 Rc8 34. Ke3 c5 35. bxc6+ Rxc6 36. Rd3 Nc7 37. Rb3 b6 38. Nb1 Na6 39. Rb5 Nb4 40. Kf4 Kc7 41. Nd2 Rc2 42. Nf3 Kc6 43. e6 Nd3+ 44. Ke3 Rc3 45. Kd2 Ra3 46. Rxb6+ Kc7 47. Rb7+ Kd8 48. Rd7+ Ke8 49. Rxh7 Nb4 50. Ne5 Rxg3 51. Nd7 Rg2+ 52. Kd1 Rg1+ 53. Ke2 Nc6 54. Nf6+ Kd8 55. Kf2 Rc1 56. Nxd5 Rc2+ 57. Ke1 Nxd4 58. Rh8# 1-0

[Event "GER-chT Seniors 26th"]
[Site "Templin"]
[Date "2017.09.25"]
[Round "1.4"]
[White "Hahn, Volker"]
[Black "Glatthor, Thomas"]
[Result "1/2-1/2"]
[WhiteElo "1747"]
[BlackElo "2065"]
[PlyCount "33"]
[EventDate "2017.09.25"]
[EventType "team-swiss"]
[EventRounds "7"]
[EventCountry "GER"]
[SourceTitle "EXT 2019"]
[Source "ChessBase"]
[SourceDate "2018.10.10"]
[SourceVersion "1"]
[SourceVersionDate "2018.10.10"]
[SourceQuality "1"]
[WhiteTeam "Blindenschachbund"]
[BlackTeam "Berlin II"]
[WhiteTeamCountry "GER"]
[BlackTeamCountry "GER"]

1. d4 d6 2. c4 e5 3. d5 g6 4. e4 Bg7 5. Nc3 c5 6. Nf3 Nf6 7. h3 0-0 8. Bg5 h6 9. Be3 Na6 10. Qd2 Kh7 11. Be2 Bd7 12. 0-0 Nc7 13. Ne1 Ng8 14. f4 f5 15. Bd3 Qe7 16. exf5 Bxf5 17. Bxf5 1/2-1/2

[Event "Berlin-ch Seniors op 33rd"]
[Site "Berlin"]
[Date "2017.02.07"]
[Round "7"]
[White "Glatthor, Thomas"]
[Black "Kothe, Manfred"]
[Result "1-0"]
[WhiteElo "2055"]
[BlackElo "1913"]
[PlyCount "127"]
[EventDate "2017.01.31"]
[EventType "swiss"]
[EventRounds "9"]
[EventCountry "GER"]
[SourceTitle "EXT 2019"]
[Source "ChessBase"]
[SourceDate "2018.10.10"]
[SourceVersion "1"]
[SourceVersionDate "2018.10.10"]
[SourceQuality "1"]

1. d4 Nf6 2. c4 e6 3. Nf3 b6 4. g3 Bb7 5. Bg2 d5 6. Nbd2 Nbd7 7. 0-0 Bd6 8. b3 0-0 9. Bb2 Re8 10. Ne5 c5 11. e3 Nf8 12. Rc1 Rc8 13. Qe2 Qe7 14. Rfd1 dxc4 15. Bxb7 Qxb7 16. Ndxc4 Be7 17. Qf3 Qxf3 18. Nxf3 cxd4 19. Nxd4 Bc5 20. Nb5 a6 21. Nbd6 Bxd6 22. Rxd6 b5 23. Na3 Rxc1+ 24. Bxc1 Ra8 25. f3 h5 26. h4 Ng6 27. e4 Ne5 28. Kf2 Ne8 29. Rd2 Rc8 30. Bb2 Nc6 31. Nc2 f6 32. f4 a5 33. Ke3 Rc7 34. Na3 Rb7 35. Nc2 Kf7 36. Nd4 Nxd4 37. Rxd4 Ke7 38. Rd2 Rd7 39. Bd4 Kf7 40. Rc2 g6 41. Rc6 Nd6 42. Ra6 a4 43. Bc5 axb3 44. axb3 Nb7 45. Bb4 Nd8 46. Rb6 Rb7 47. Rd6 Rb8 48. Rd7+ Kg8 49. Be7 Nf7 50. Bxf6 Rc8 51. Rb7 e5 52. Rxb5 Rc3+ 53. Kf2 Rc2+ 54. Kf3 Rc3+ 55. Kg2 Rc2+ 56. Kh3 exf4 57. gxf4 Nd6 58. Rb4 Re2 59. e5 Nf5 60. Rb7 Ne3 61. Kg3 Nf5+ 62. Kh3 Ne3 63. e6 Nf1 64. Rb8+ 1-0

[Event "WchT Seniors 65"]
[Site "Radebeul"]
[Date "2016.07.03"]
[Round "8.7"]
[White "Glatthor, Thomas"]
[Black "Sollid, Stein"]
[Result "1/2-1/2"]
[WhiteElo "2042"]
[BlackElo "2014"]
[PlyCount "45"]
[EventDate "2016.06.26"]
[EventType "team-swiss"]
[EventRounds "9"]
[EventCountry "GER"]
[SourceTitle "CBM 173 Extra"]
[Source "ChessBase"]
[SourceDate "2016.08.29"]
[SourceVersion "1"]
[SourceVersionDate "2016.08.29"]
[SourceQuality "1"]
[WhiteTeam "Berlin"]
[BlackTeam "Norway"]
[WhiteTeamCountry "GER"]
[BlackTeamCountry "NOR"]

1. d4 Nf6 2. Nf3 b6 3. g3 Bb7 4. Bg2 e6 5. c4 Be7 6. 0-0 0-0 7. Nc3 Ne4 8. Qc2 Nxc3 9. Qxc3 f5 10. b3 Bf6 11. Bb2 c5 12. Qd2 cxd4 13. Bxd4 Nc6 14. Rad1 Nxd4 15. Nxd4 Bxg2 16. Kxg2 Bxd4 17. Qxd4 Rf7 18. Rd3 Qc7 19. Rfd1 Rc8 20. Qd6 Qxd6 21. Rxd6 Rc7 22. f4 Kf8 23. a4 1/2-1/2

[Event "Berlin-ch Seniors op 32nd"]
[Site "Berlin"]
[Date "2016.01.26"]
[Round "1"]
[White "Schrodt, Horst"]
[Black "Glatthor, Thomas"]
[Result "0-1"]
[WhiteElo "1763"]
[BlackElo "2071"]
[PlyCount "68"]
[EventDate "2016.01.26"]
[EventType "swiss"]
[EventRounds "9"]
[EventCountry "GER"]
[SourceTitle "EXT 2019"]
[Source "ChessBase"]
[SourceDate "2018.10.10"]
[SourceVersion "1"]
[SourceVersionDate "2018.10.10"]
[SourceQuality "1"]

1. d4 d6 2. c4 e5 3. dxe5 dxe5 4. Qxd8+ Kxd8 5. Nc3 c6 6. Nf3 f6 7. e4 Kc7 8. Be2 Be6 9. 0-0 Nd7 10. Be3 g6 11. Rac1 b6 12. Rfd1 Bh6 13. Bxh6 Nxh6 14. h3 Nf7 15. b4 Kb7 16. a4 Rad8 17. a5 bxa5 18. bxa5 Nc5 19. Rd2 Rxd2 20. Nxd2 Rd8 21. Rb1+ Kc7 22. Nb3 Nxb3 23. Rxb3 Rd4 24. a6 Nd6 25. Rb2 Bxc4 26. Kf1 Bxe2+ 27. Kxe2 Rc4 28. Kd3 Rc5 29. g3 Ra5 30. Rc2 Kd7 31. Ra2 Rxa2 32. Nxa2 Kc7 33. Nc3 Kb6 34. Na4+ Kb5 0-1

[Event "GER-chT Seniors 21st"]
[Site "Berlin"]
[Date "2012.09.14"]
[Round "5.32"]
[White "Krause, Christian"]
[Black "Glatthor, Thomas"]
[Result "1-0"]
[WhiteElo "2051"]
[BlackElo "1944"]
[PlyCount "43"]
[EventDate "2012.09.10"]
[EventType "team-swiss"]
[EventRounds "7"]
[EventCountry "GER"]
[SourceTitle "CBM 150 Extra"]
[Source "ChessBase"]
[SourceDate "2012.10.19"]
[SourceVersion "1"]
[SourceVersionDate "2012.10.19"]
[SourceQuality "1"]
[WhiteTeam "Bayern Seniors"]
[BlackTeam "Berlin Seniors III"]
[WhiteTeamCountry "GER"]
[BlackTeamCountry "GER"]

1. c4 c5 2. Nc3 Nc6 3. g3 g6 4. Bg2 Bg7 5. e4 e5 6. Nge2 Nge7 7. d3 d6 8. 0-0 Be6 9. Rb1 Qd7 10. Nd5 0-0 11. Be3 Bh3 12. Nxe7+ Nxe7 13. Qd2 Bxg2 14. Kxg2 f5 15. f3 b6 16. b4 fxe4 17. dxe4 cxb4 18. Rxb4 Qe6 19. Nc3 Rfc8 20. Rc1 Rxc4 21. Rxc4 Qxc4 22. Nd5 1-0

[Event "GER-chT Seniors 21st"]
[Site "Berlin"]
[Date "2012.09.13"]
[Round "4.51"]
[White "Kuehn, Peter1111"]
[Black "Glatthor, Thomas"]
[Result "0-1"]
[WhiteElo "1758"]
[BlackElo "1944"]
[PlyCount "96"]
[EventDate "2012.09.10"]
[EventType "team-swiss"]
[EventRounds "7"]
[EventCountry "GER"]
[SourceTitle "CBM 150 Extra"]
[Source "ChessBase"]
[SourceDate "2012.10.19"]
[SourceVersion "1"]
[SourceVersionDate "2012.10.19"]
[SourceQuality "1"]
[WhiteTeam "Mecklenburg Vorpommern Seniors II"]
[BlackTeam "Berlin Seniors III"]
[WhiteTeamCountry "GER"]
[BlackTeamCountry "GER"]

1. e4 d6 2. d4 g6 3. Nc3 Bg7 4. Be3 c6 5. Qd2 Nf6 6. Be2 0-0 7. f4 e5 8. 0-0-0 Qa5 9. Kb1 Re8 10. Bf3 Ng4 11. Bxg4 Bxg4 12. Nf3 b5 13. h3 Be6 14. d5 exf4 15. Bxf4 cxd5 16. Nxd5 Qa4 17. Rhe1 Na6 18. b3 Qa3 19. Qc1 Qa5 20. Bd2 b4 21. Bh6 Bxd5 22. Rxd5 Qc7 23. Bxg7 Kxg7 24. Qb2+ f6 25. Red1 Rad8 26. Qd4 Nc5 27. Rxd6 Rxd6 28. Qxd6 Qxd6 29. Rxd6 Re7 30. Rd4 Rxe4 31. Rxe4 Nxe4 32. Nd4 Nc3+ 33. Kb2 Nd5 34. Nc6 a6 35. Nb8 a5 36. Nc6 Nf4 37. Nxa5 Nxg2 38. c4 Nf4 39. c5 Nd3+ 40. Kc2 Nxc5 41. Nc6 Na6 42. Kd3 f5 43. Ke3 Kf6 44. Kf3 g5 45. Nd4 Nc7 46. Nc2 Nd5 47. Ne1 Ke5 48. Nc2 h5 0-1

[Event "GER-chT Seniors 21st"]
[Site "Berlin"]
[Date "2012.09.11"]
[Round "2.114"]
[White "Glatthor, Thomas"]
[Black "Gehrmann, Dorit"]
[Result "1/2-1/2"]
[WhiteElo "1944"]
[BlackElo "1786"]
[PlyCount "50"]
[EventDate "2012.09.10"]
[EventType "team-swiss"]
[EventRounds "7"]
[EventCountry "GER"]
[SourceTitle "CBM 150 Extra"]
[Source "ChessBase"]
[SourceDate "2012.10.19"]
[SourceVersion "1"]
[SourceVersionDate "2012.10.19"]
[SourceQuality "1"]
[WhiteTeam "Berlin Seniors III"]
[BlackTeam "Schleswig Holstein Seniors II"]
[WhiteTeamCountry "GER"]
[BlackTeamCountry "GER"]

1. Nf3 Nf6 2. g3 g6 3. Bg2 Bg7 4. 0-0 0-0 5. d4 d5 6. Bf4 Nbd7 7. c4 dxc4 8. Nc3 c6 9. e4 Nh5 10. Be3 e5 11. Qe2 exd4 12. Nxd4 Ne5 13. f4 Bg4 14. Qc2 Nd3 15. Nf3 Qc8 16. e5 Re8 17. Ne4 Bf8 18. Rad1 Be6 19. a3 Bd5 20. Nfd2 b5 21. h3 Bh6 22. Nd6 Qc7 23. Bxd5 cxd5 24. Rf3 Qd7 25. Kh2 f5 1/2-1/2

[Event "Berlin-ch Seniors op 28th"]
[Site "Berlin"]
[Date "2012.02.01"]
[Round "6.7"]
[White "Glatthor, Thomas"]
[Black "Fiedler, Wolfgang2222"]
[Result "1/2-1/2"]
[WhiteElo "1941"]
[BlackElo "1813"]
[PlyCount "164"]
[EventDate "2012.01.27"]
[EventType "swiss"]
[EventRounds "9"]
[EventCountry "GER"]
[SourceTitle "EXT 2022"]
[Source "ChessBase"]
[SourceDate "2021.10.06"]
[SourceVersion "1"]
[SourceVersionDate "2021.10.06"]
[SourceQuality "1"]

1. Nf3 d5 2. g3 Nf6 3. Bg2 c6 4. d4 Nbd7 5. Nbd2 e6 6. 0-0 Bd6 7. c4 0-0 8. b3 e5 9. dxe5 Nxe5 10. cxd5 Nxf3+ 11. Nxf3 Nxd5 12. Bb2 Be7 13. e4 Nc7 14. Qc2 Be6 15. Rad1 Qc8 16. Be5 f6 17. Bf4 Bf7 18. Rd2 Ne6 19. Be3 Rd8 20. Rfd1 Rxd2 21. Rxd2 Bb4 22. Rd1 Qc7 23. Nd4 Rd8 24. Nf5 Rxd1+ 25. Qxd1 Bf8 26. h4 b6 27. Bf1 Nc5 28. Bf4 Qd7 29. Qc2 b5 30. Be3 Ne6 31. Qd3 Qxd3 32. Bxd3 a6 33. Bb6 Nc5 34. Bc2 Nd7 35. Bd8 Be6 36. Nd4 Kf7 37. Nxc6 Bc5 38. Ba5 Ke8 39. Bc7 Nf8 40. Nb8 Bc8 41. a4 Ne6 42. Ba5 Bb7 43. axb5 axb5 44. Bd3 Nd4 45. Bc7 b4 46. e5 Nf3+ 47. Kf1 Nxe5 48. Bb5+ Ke7 49. f4 Nf7 50. Nd7 Bd6 51. Bb6 Bd5 52. Nc5 Nd8 53. Ba4 Bc6 54. Ke2 Nb7 55. Nxb7 Bxb7 56. Kd3 Ba6+ 57. Kd4 g5 58. hxg5 fxg5 59. fxg5 Bxg3 60. Bc5+ Ke6 61. Bxb4 Kf5 62. Be7 Bf4 63. Bd7+ Kg6 64. Be8+ Kf5 65. Bc6 Bxg5 66. Be4+ Kg4 67. Bxg5 Kxg5 68. Bxh7 Kf6 69. Kc5 Ke7 70. Kc6 Kd8 71. Bf5 Be2 72. b4 Bf1 73. Kb7 Be2 74. Bc2 Bf1 75. Kb6 Kc8 76. Be4 Kb8 77. Bb7 Be2 78. Ba6 Bh5 79. Bc4 Bg6 80. Ka6 Bh5 81. b5 Bg6 82. b6 Bh5 1/2-1/2

[Event "Berlin-ch Seniors op 28th"]
[Site "Berlin"]
[Date "2012.01.30"]
[Round "4.6"]
[White "Glatthor, Thomas"]
[Black "Kohlmeyer, Dagobert"]
[Result "1-0"]
[WhiteElo "1941"]
[BlackElo "1720"]
[PlyCount "87"]
[EventDate "2012.01.27"]
[EventType "swiss"]
[EventRounds "9"]
[EventCountry "GER"]
[SourceTitle "EXT 2022"]
[Source "ChessBase"]
[SourceDate "2021.10.06"]
[SourceVersion "1"]
[SourceVersionDate "2021.10.06"]
[SourceQuality "1"]

1. g3 Nf6 2. Bg2 d5 3. Nf3 g6 4. d3 Bg7 5. 0-0 0-0 6. c3 Re8 7. Bf4 Nbd7 8. d4 Ne4 9. Ne5 Ndf6 10. Qc1 c5 11. f3 Nd6 12. dxc5 Nb5 13. a4 Nc7 14. Nd3 Bf5 15. Be5 Bxd3 16. exd3 Nd7 17. Bxg7 Kxg7 18. b4 h5 19. Ra2 e5 20. Re2 a5 21. Qa3 axb4 22. cxb4 Nb5 23. Qa1 Nd4 24. Ref2 Qf6 25. Nc3 Qe6 26. f4 exf4 27. Nxd5 Qe5 28. Nxf4 Rab8 29. Nd5 f6 30. Kh1 Nf5 31. d4 Qxd4 32. Qxd4 Nxd4 33. Nxf6 Nxf6 34. Rxf6 Nf5 35. Rb6 Nd4 36. Bd5 Nc6 37. Rf7+ Kh6 38. b5 Re1+ 39. Kg2 Nd4 40. Rff6 Kg5 41. h4+ Kh6 42. Rxg6+ Kh7 43. Rh6+ Kg7 44. Rbg6+ 1-0

[Event "GER Cup GrA+B Seniors 1st"]
[Site "Bad Blankenburg"]
[Date "2011.08.23"]
[Round "6"]
[White "Trefzer, Erhard"]
[Black "Glatthor, Thomas"]
[Result "0-1"]
[WhiteElo "1862"]
[BlackElo "1951"]
[PlyCount "142"]
[EventDate "2011.08.18"]
[EventType "swiss"]
[EventRounds "7"]
[EventCountry "GER"]
[SourceTitle "CBM 144 Extra"]
[Source "ChessBase"]
[SourceDate "2011.10.28"]
[SourceVersion "1"]
[SourceVersionDate "2011.10.28"]
[SourceQuality "1"]

1. e4 d6 2. d4 g6 3. Nc3 Bg7 4. Be3 Nf6 5. h3 c6 6. Nf3 Nbd7 7. Bd3 0-0 8. Qd2 e5 9. 0-0 Re8 10. dxe5 dxe5 11. Bc4 b5 12. Bd3 Qe7 13. Bh6 Bb7 14. Rfe1 a6 15. Qg5 Qf8 16. Bxg7 Kxg7 17. Nd1 h6 18. Qc1 Nc5 19. Re3 Rad8 20. Ne1 Rd7 21. b4 Ne6 22. Qb2 c5 23. f3 Nf4 24. a3 c4 25. Bf1 Qd6 26. Qc3 Qb6 27. Nf2 N6h5 28. Rd1 Rxd1 29. Nxd1 Ng3 30. Kf2 Nxf1 31. Kxf1 Qd4 32. Nf2 Bc8 33. Nh1 Rd8 34. Nf2 h5 35. g4 f6 36. Ng2 Qxc3 37. Rxc3 Ne6 38. Ke2 hxg4 39. hxg4 Rh8 40. Kf1 Nd4 41. f4 exf4 42. Nxf4 Rh4 43. Ng2 Rh2 44. Nf4 Rh4 45. Ne2 Nc6 46. Rg3 Rh8 47. Ke1 Ne5 48. c3 Nd3+ 49. Nxd3 cxd3 50. Nd4 Re8 51. Kd2 Rxe4 52. g5 fxg5 53. Rxg5 Kf6 54. Rg3 Bf5 55. Rxd3 Bg4 56. Rg3 Bf5 57. Rg2 Rh4 58. Nb3 g5 59. Nc5 Rh3 60. Nxa6 Rd3+ 61. Ke1 Rxc3 62. Nc5 Rxa3 63. Rd2 Ra1+ 64. Kf2 Rb1 65. Na6 g4 66. Nc7 Ke5 67. Nxb5 Kf4 68. Nc3 Rxb4 69. Rd5 Kg5 70. Re5 Rf4+ 71. Ke2 Rb4 0-1